Normal view
MARC view
- الدعوة الاسلامية- جمال الدين الافغاني- تراجم
Entry Topical Term
001 - CONTROL NUMBER
- control field: 52570
003 - CONTROL NUMBER IDENTIFIER
- control field: JO-AjAnu
005 - DATE AND TIME OF LATEST TRANSACTION
- control field: 20230606082635.0
008 - FIXED-LENGTH DATA ELEMENTS
- fixed length control field: 230606|| aca||aabn | a|a d
040 ## - CATALOGING SOURCE
- Original cataloging agency: JO-AjAnu
- Transcribing agency: JO-AjAnu
150 ## - HEADING--TOPICAL TERM
- Topical term or geographic name entry element: الدعوة الاسلامية- جمال الدين الافغاني- تراجم
670 ## - SOURCE DATA FOUND
- Source citation: Work cat.: (JO-AjAnu)26863: تحرير غرايبة، إبراهيم, author 52569, جمال الدين الأفغاني : عطاؤه الفكري ومنهجه الإصلاحي وقائع الحلقة الدراسية التي عقدت في عمان/الاردن بتاريخ 30رجب 1419هـ الموافق له 19 تشرين ثاني نوفمبر 1998م